| 000 | 01404nam a2200301 a 4500 | ||
|---|---|---|---|
| 001 | 61745 | ||
| 003 | BD-RjUL | ||
| 005 | 20211209081010.0 | ||
| 008 | 170221s2005 bg a s o000 0|eng|| | ||
| 020 |
_a9845085709 _c: Tk. 500.00 Inland |
||
| 035 | _a(BD-RjUL)61869 | ||
| 040 |
_aDLC _cDLC _dDLC _dBD-RjUL _beng |
||
| 041 | 0 | _aengben | |
| 082 |
_223 _a304.6095492021 _bNAO 2005 (ZS) |
||
| 110 |
_aBangladesh Bureau of Statistics. _9179266 |
||
| 245 | 1 | 0 |
_aBangladesh population census-2001 = বাংলাদেশ আদমশুমারি-২০০১ : _bZila series, Zila : Naogaon= জেলা সিরিজ, জেলা : নওগাঁ / _cBangladesh Bureau of Statistics. |
| 246 |
_aবাংলাদেশ আদমশুমারি-২০০১ : _bজেলা সিরিজ, জেলা : নওগাঁ |
||
| 260 |
_aDhaka : _bBangladesh Bureau of Statistics, _c2005. |
||
| 300 |
_axviii, 331p. : _bill. ; _c28 cm. |
||
| 490 | _aZila series, Zila: Naogaon | ||
| 490 | _aজেলা সিরিজ, জেলা: নওগাঁ | ||
| 500 | _aPrefatory matter in Bengali and English. | ||
| 651 |
_aBangladesh _zNaogaon _vcensus, 2001 _9183861 |
||
| 651 |
_aBangladesh _zNaogaon _xPopulation _vStatistics _9180871 |
||
| 830 |
_aZila series, Zila: Naogaon _9182038 |
||
| 830 |
_aজেলা সিরিজ, জেলা: নওগাঁ _9180628 |
||
| 942 |
_2ddc _cRAR |
||
| 999 |
_c61745 _d61745 |
||